Manual de primeros auxilios (Registro nro. 239844)

Detalles MARC
000 -ENCABEZADO
Número de control [NR] 00908cam a2200277Mc 4500
005 - FECHA Y HORA DE LA ÚLTIMA TRANSACCIÓN
control field 20180313054547.0
008 - DE LONGITUD FIJA DE DATOS DE ELEMENTOS - INFORMACIÓN GENERAL
Elementos de longitud fija [NR] 120327s2011 sp a 000 0 spa d
020 ## - NUMERO INTERNACIONAL NORMALIZADO PARA LIBROS [R]
Número Internacional Normalizado del libro [NR] 8403507909
020 ## - NUMERO INTERNACIONAL NORMALIZADO PARA LIBROS [R]
Número Internacional Normalizado del libro [NR] 9788403507906
040 ## - FUENTE DE CATALOGACION [NR]
Agencia de catalogación original [NR] CO-BoUCM
Idioma de catalogación [NR] spa
Quien Cataloga
Quien Clasifica Diana Londoño
041 ## - CODIGO DE IDIOMA [R]
Código de idioma para texto/pista de sonido o título separado [R] Español
080 ## - NUMERO DE CLASIFICACION DECIMAL UNIVERSAL (CDU) [R]
Número de la Clasificación Decimal Universal [NR] 616-083.98
245 00 - MENCION DE TITULO [NR]
Título [NR] Manual de primeros auxilios
Mención de responsabilidad, etc. [NR] Cruz Roja española
250 ## - MENCION DE EDICION [NR]
Mención de edición [NR] 6a ed
260 ## - PUBLICACION, DISTRIBUCION, ETC. (PIE DE IMPRENTA) [R]
Lugar de publicación, distribución, etc. [R] Madrid, España
Nombre del editor, distribuidor, etc. [R] El País Aguilar
Fecha de publicación, distribución, etc. [R] 2011
300 ## - DESCRIPCION FISICA [R]
Extensión [R] 474 páginas
Otros detalles físicos [NR] ilustraciones a color
504 ## - NOTA DE BIBLIOGRAFIA, ETC. [R]
Nota de bibliografía, etc. [NR] Incluye referencias bibliográficas
650 #7 - ASIENTO SECUNDARIO DE MATERIA - TERMINO TEMATICO [R]
Término temático o nombre geográfico como elemento de entrada [NR] Atención primaria de la salud
9 (RLIN) 9717
650 #7 - ASIENTO SECUNDARIO DE MATERIA - TERMINO TEMATICO [R]
Término temático o nombre geográfico como elemento de entrada [NR] Primeros auxilios
Fuente del encabezamiento o término [NR] embne
9 (RLIN) 22281
650 #7 - ASIENTO SECUNDARIO DE MATERIA - TERMINO TEMATICO [R]
Término temático o nombre geográfico como elemento de entrada [NR] Primeros auxilios
9 (RLIN) 22281
650 #7 - ASIENTO SECUNDARIO DE MATERIA - TERMINO TEMATICO [R]
Término temático o nombre geográfico como elemento de entrada [NR] Urgencias médicas
9 (RLIN) 26003
690 ## - ASUNTO AGREGADO LOCAL DE ENTRADA - TÉRMINO TEMÁTICO (OCLC, RLIN)
9 (RLIN) 42924
Acceso temático local Urgencias médicas
710 2# - ASIENTO SECUNDARIO - NOMBRE CORPORATIVO [R]
Nombre corporativo o de jurisdicción como elemento de entrada [NR] Cruz Roja Española
9 (RLIN) 59215
942 ## - ELEMENTOS DE ENTRADA AGREGADOS (KOHA)
Tema principal Ciencias de la salud
Tipo de ítem principal el descrito en 300a Libro
Edición 1
Parte restante de la signatura top. M294
Sistema de clasificación NLM
Clasificación WA 292
Título oculto en OPAC No
Existencias
Fecha de último préstamo Total préstamos Total Renewals Signatura topográfica Código de barras Última vez visto Ejemplar Costo de reposición Price effective from Tipo de ítem Perdido Sistema de clasificación Dañado No prestable Tipo de ítem específico Suprimido Ubicación habitual Ubicación actual Localización Fecha de creación Proveedor Forma de adquisición Costo Volúmen / Fascículo
04/04/2024 14 19 WA 292 M294 200026353 12/12/2025 Ej.1 61500.00 19/03/2014 Libro   NLM     Libro   Quinta de Mutis Quinta de Mutis 1er piso 19/03/2014 15 Compra 61500.00  
      WA 292 M294 200026354 12/12/2025 Ej.1   19/03/2014 Multimedia   DEWEY     CD-Rom   Quinta de Mutis Quinta de Mutis Colección digital 19/03/2014   Compra   CD-ROM